Dynamics of the galilean satellites (Record no. 8941)

MARC details
000 -LEADER
fixed length control field 00622nam a2200193Ia 4500
003 - CONTROL NUMBER IDENTIFIER
control field IN-BaIIA
008 - FIXED-LENGTH DATA ELEMENTS--GENERAL INFORMATION
fixed length control field 211028s9999 xx 000 0 eng d
040 ## - CATALOGING SOURCE
Transcribing agency IIA Library
080 ## - UNIVERSAL DECIMAL CLASSIFICATION NUMBER
Universal Decimal Classification number 523.4-87
Item number FER
100 ## - MAIN ENTRY--PERSONAL NAME
Personal name Ferraz-Mello, S
9 (RLIN) 11577
245 #0 - TITLE STATEMENT
Title Dynamics of the galilean satellites
Remainder of title an introductory treatise
Statement of responsibility, etc. S. Ferraz-Mello
260 ## - PUBLICATION, DISTRIBUTION, ETC.
Place of publication, distribution, etc. Sao Paulo
Name of publisher, distributor, etc. Universidade De Sao Paulo
Date of publication, distribution, etc. 1979
300 ## - PHYSICAL DESCRIPTION
Extent 183p.
650 ## - SUBJECT ADDED ENTRY--TOPICAL TERM
Topical term or geographic name entry element Astronomy and astrophysics thesaurus
650 ## - SUBJECT ADDED ENTRY--TOPICAL TERM
Topical term or geographic name entry element Galilean satellites
9 (RLIN) 11579
650 ## - SUBJECT ADDED ENTRY--TOPICAL TERM
Topical term or geographic name entry element Planets
9 (RLIN) 971
650 ## - SUBJECT ADDED ENTRY--TOPICAL TERM
Topical term or geographic name entry element Satellites
9 (RLIN) 3328
942 ## - ADDED ENTRY ELEMENTS (KOHA)
Koha item type Books
Holdings
Withdrawn status Lost status Damaged status Not for loan Home library Current library Shelving location Date acquired Total Checkouts Full call number Barcode Date last seen Price effective from Koha item type
        IIA Library-Bangalore IIA Library-Bangalore General Stacks 02/01/1987   523.4-87/ FER 9828 05/11/2021 02/01/1987 Books

Powered by Koha